होमियोपैथी के चमत्कार / (Record no. 67814)

MARC details
000 -LEADER
fixed length control field 00870 aa a2200229 4500
005 - DATE AND TIME OF LATEST TRANSACTION
control field 20120611142619.0
010 ## - LCCN (DPL NO)
LC control number
020 ## - INTERNATIONAL STANDARD BOOK NUMBER
Terms of availability 235.00
International Standard Book Number
035 ## - SYSTEM CONTROL NUMBER
System control number B-142980
037 ## - SOURCE OF ACQUISITION
Source of stock number/acquisition pub
082 ## - DEWEY DECIMAL CLASSIFICATION NUMBER
Classification number 615.53
100 ## - MAIN ENTRY--PERSONAL NAME
Personal name चन्देल, कृष्णभूषण
245 ## - TITLE STATEMENT
Title होमियोपैथी के चमत्कार /
Statement of responsibility, etc कृष्णभूषण चन्देल
246 ## - VARYING FORM OF TITLE
Title proper/short title
Remainder of title
250 ## - EDITION STATEMENT
Edition statement
260 ## - PUBLICATION, DISTRIBUTION, ETC. (IMPRINT)
Place of publication, distribution, etc मथुरा
Name of publisher, distributor, etc रोजगार प्रकाशन
Date of publication, distribution, etc 2004
270 ## - ADDRESS
Address
City
Postal code
300 ## - PHYSICAL DESCRIPTION
Extent 254पृ
Dimensions 22 सेमी (सजिल्द)
490 ## - SERIES STATEMENT
Series statement
-- 48860
942 ## - ADDED ENTRY ELEMENTS (KOHA)
Institution code [OBSOLETE] dpl
Item type Hindi Books
Call number prefix
Source of classification or shelving scheme Dewey Decimal Classification
Classification part 615.53
Call number suffix चन्देल
Holdings
Withdrawn status Lost status Not for loan Collection code Home library Current library Date acquired Cost, normal purchase price Full call number Barcode Cost, replacement price Koha item type
      Non-fiction Sarojini Nagar Sarojini Nagar 11/06/2012 235.00 615.53 चन्देल B-142980 235.00 Hindi Books

© Delhi Public Library
Hit Counter
free hit counter